| 000 | 01561cad a22002535a 4500 | ||
|---|---|---|---|
| 001 | L154243 | ||
| 008 | 111107s2011 xxk f 000 0 eng d | ||
| 035 | _a(Sirsi) u154243 | ||
| 041 | 0 | _aeng | |
| 050 | 0 | 4 | _a347.41067 $2 18 |
| 110 | 2 |
_aRoyal Institution of Chartered Surveyors _94900 |
|
| 245 | 0 | 0 |
_aSurveyors acting as expert witnesses _b2nd Addendum to the third edition, November 2011 _h[old editioni] |
| 260 |
_aCoventry _bRICS _c2011 |
||
| 490 | 0 | _aRICS Practice Statement | |
| 490 | 0 | _aRICS Guidance Note | |
| 520 | _aThe 50th amendment to the Civil Procedure Rules (CPR) was recently introduced and amended rules came into force on 1 October (unless otherwise provided in SI 2009 No. 2092). Changes were introduced in a number of areas. RICS has produced a combined briefing and addendum to the "Surveyors acting as expert witnesses" document (see L145697). This addendum has been produced to reflect the implications of the case of Jones v Kaney (2011). It replaces GN 22 Immunity of the expert witness in the third edition of the practice statement and guidance note and should be read in conjunction with the 1st addendum issued in 2009. | ||
| 520 | _aSuperseded by 4th edition L158327. | ||
| 521 | _aAdvanced | ||
| 590 | _aKA | ||
| 651 | 4 | _aUnited Kingdom | |
| 690 | _aMANAGEMENT-DISPUTE AVOIDANCE, MANAGEMENT AND RESOLUTION-DISPUTE MANAGEMENT AND RESOLUTION-EXPERT WITNESSES | ||
| 856 | 4 | 0 |
_uhttps://www.isurv.com/downloads/download/198/surveyors_acting_as_expert_witnesses _zArchived on isurv (subscription required) |
| 942 |
_n0 _2ddc |
||
| 999 |
_c112898 _d112898 |
||